00516nam a22001817a 450000100060000000300090000600500170001500700060003200800450003804000220008310000190010524500790012426000420020330000210024549000240026670000200029083000240031000108DO-SdBNP20180207092930.000108160318b sp 19uu ||||| |||| 00| 0 spa d aBPMSUbspacBPMSU10aBuck, Pearl S.10aViento del este, viento del oeste /cPearl S. Buck ; traducción L. Gosse aBarcelona :bPlaza & Janés,c19--?. a190 p. :c20 cm.00aCirculo de lectores10aGosse, L.,etr.10aCirculo de lectores